[Event "DVM U20w 2023"]
[Site "Magdeburg GER"]
[Date "2023.12.29"]
[Round "5"]
[White "Hellenbroich, Helene"]
[Black "Golden, Roshaniya"]
[Result "1-0"]
[Termination "normal"]
[Board "6.4"]
[WhiteElo "1358"]
[BlackElo "968"]
[WhiteClock "01:00:02"]
[BlackClock "01:14:08"]
[WhiteTeam "Lübecker SV 1873"]
[BlackTeam "SK Münster 32"]
[PlyCount "28"]
[WhiteFideId "16270754"]
[BlackFideId "34681663"]
[EventCountry "GER"]
[EventRounds "7"]
[EventType "team-swiss"]
[EventDate "2023.12.26"]

1. e4 {[%clk 01:30:35]} {[%emt 00:00:24]} e5 {[%clk 01:30:51]} {[%emt
00:00:10]} 2. Bc4 {[%clk 01:30:12]} {[%emt 00:00:52]} Nf6 {[%clk 01:30:34]}
{[%emt 00:00:48]} 3. d3 {[%clk 01:30:27]} {[%emt 00:00:14]} Bc5 {[%clk
01:30:48]} {[%emt 00:00:16]} 4. Nf3 {[%clk 01:30:23]} {[%emt 00:00:35]} Nc6
{[%clk 01:31:05]} {[%emt 00:00:12]} 5. c3 {[%clk 01:28:46]} {[%emt 00:02:06]}
a6 {[%clk 01:31:18]} {[%emt 00:00:18]} 6. Bb3 {[%clk 01:27:26]} {[%emt
00:01:50]} d6 {[%clk 01:30:38]} {[%emt 00:01:10]} 7. Nbd2 {[%clk 01:26:02]}
{[%emt 00:01:54]} Ng4 {[%clk 01:27:10]} {[%emt 00:03:59]} 8. O-O {[%clk
01:24:59]} {[%emt 00:01:33]} Qe7 {[%clk 01:26:53]} {[%emt 00:00:45]} 9. Ba4
{[%clk 01:21:36]} {[%emt 00:03:55]} Bd7 {[%clk 01:26:55]} {[%emt 00:00:27]} 10.
b4 {[%clk 01:16:47]} {[%emt 00:05:19]} Ba7 {[%clk 01:26:55]} {[%emt 00:00:31]}
11. Rb1 {[%clk 01:12:51]} {[%emt 00:04:25]} h5 {[%clk 01:22:58]} {[%emt
00:04:28]} 12. b5 {[%clk 01:00:04]} {[%emt 00:13:17]} axb5 {[%clk 01:20:05]}
{[%emt 00:03:22]} 13. Bxb5 {[%clk 01:00:08]} {[%emt 00:00:27]} h4 {[%clk
01:15:45]} {[%emt 00:04:51]} 14. h3 {[%clk 01:00:02]} {[%emt 00:00:36]} Nh6
{[%clk 01:14:08]} {[%emt 00:02:06]} 1-0

[Event "DVM U20w 2023"]
[Site "Magdeburg GER"]
[Date "2023.12.29"]
[Round "5"]
[White "Pollerberg, Amélie"]
[Black "Schubert, Arlene"]
[Result "1/2-1/2"]
[Termination "normal"]
[Board "7.1"]
[WhiteElo "1576"]
[BlackElo "1545"]
[WhiteClock "00:22:15"]
[BlackClock "00:02:38"]
[WhiteTeam "SV Erkenschwick 1923"]
[BlackTeam "SC 1865 Annaberg-Buchholz"]
[PlyCount "81"]
[WhiteFideId "34620788"]
[BlackFideId "16220951"]
[EventCountry "GER"]
[EventRounds "7"]
[EventType "team-swiss"]
[EventDate "2023.12.26"]

1. c4 {[%clk 01:30:57]} {[%emt 00:00:03]} c5 {[%clk 01:30:29]} {[%emt
00:00:31]} 2. g3 {[%clk 01:31:20]} {[%emt 00:00:07]} e6 {[%clk 01:30:06]}
{[%emt 00:00:54]} 3. Nc3 {[%clk 01:30:45]} {[%emt 00:01:05]} Nf6 {[%clk
01:29:06]} {[%emt 00:01:30]} 4. Bg2 {[%clk 01:30:15]} {[%emt 00:01:00]} d5
{[%clk 01:24:20]} {[%emt 00:05:16]} 5. cxd5 {[%emt 00:09:51]} exd5 {[%clk
01:15:25]} 6. d3 {[%clk 01:29:39]} {[%emt 00:01:09]} Be6 {[%clk 01:11:04]}
{[%emt 00:04:51]} 7. Bf4 {[%clk 01:24:34]} {[%emt 00:05:34]} Bd6 {[%clk
01:05:33]} {[%emt 00:06:02]} 8. Bxd6 {[%clk 01:18:35]} {[%emt 00:06:29]} Qxd6
{[%clk 01:05:49]} {[%emt 00:00:14]} 9. e3 {[%clk 01:17:32]} {[%emt 00:01:33]}
Nbd7 {[%clk 01:02:39]} {[%emt 00:03:41]} 10. Nge2 {[%clk 01:15:59]} {[%emt
00:02:02]} a6 {[%clk 00:58:21]} {[%emt 00:04:50]} 11. a4 {[%clk 01:13:26]}
{[%emt 00:03:02]} O-O {[%clk 00:54:31]} {[%emt 00:04:20]} 12. d4 {[%clk
01:05:31]} {[%emt 00:08:25]} Rab8 {[%clk 00:41:47]} {[%emt 00:13:14]} 13. dxc5
{[%clk 00:55:39]} {[%emt 00:10:22]} Qxc5 {[%clk 00:40:32]} {[%emt 00:01:46]}
14. O-O {[%clk 00:51:29]} {[%emt 00:04:39]} Nb6 {[%clk 00:31:52]} {[%emt
00:09:11]} 15. Rc1 {[%clk 00:46:30]} {[%emt 00:05:28]} Qe7 {[%clk 00:29:02]}
{[%emt 00:03:18]} 16. Nd4 {[%clk 00:43:39]} {[%emt 00:03:22]} Rfd8 {[%clk
00:25:52]} {[%emt 00:03:40]} 17. b3 {[%clk 00:40:48]} {[%emt 00:03:21]} Nbd7
{[%clk 00:20:55]} {[%emt 00:05:28]} 18. Qe2 {[%clk 00:33:53]} {[%emt 00:07:25]}
Ne5 {[%clk 00:18:03]} {[%emt 00:03:23]} 19. Rfd1 {[%clk 00:33:11]} {[%emt
00:01:11]} Nc6 {[%clk 00:16:34]} {[%emt 00:01:59]} 20. Nxc6 {[%clk 00:29:57]}
{[%emt 00:03:45]} bxc6 {[%clk 00:16:56]} {[%emt 00:00:07]} 21. Qxa6 {[%clk
00:24:39]} {[%emt 00:05:48]} Rxb3 {[%clk 00:17:00]} {[%emt 00:00:26]} 22. Ne2
{[%clk 00:23:51]} {[%emt 00:01:18]} c5 {[%clk 00:13:11]} {[%emt 00:04:19]} 23.
Rb1 {[%clk 00:22:08]} {[%emt 00:02:13]} Rxb1 {[%clk 00:11:54]} {[%emt
00:01:47]} 24. Rxb1 {[%clk 00:22:31]} {[%emt 00:00:08]} Bf5 {[%clk 00:09:54]}
{[%emt 00:02:30]} 25. Rb7 {[%clk 00:17:40]} {[%emt 00:05:21]} Qe5 {[%clk
00:09:43]} {[%emt 00:00:38]} 26. Qb6 {[%clk 00:15:24]} {[%emt 00:02:49]} Rc8
{[%clk 00:05:49]} {[%emt 00:04:25]} 27. Qb2 {[%clk 00:11:48]} {[%emt 00:04:05]}
Qxb2 {[%clk 00:05:33]} {[%emt 00:00:46]} 28. Rxb2 {[%clk 00:12:12]} {[%emt
00:00:06]} Bd7 {[%clk 00:05:27]} {[%emt 00:00:37]} 29. a5 {[%clk 00:11:33]}
{[%emt 00:01:08]} Ra8 {[%clk 00:05:08]} {[%emt 00:00:49]} 30. Ra2 {[%clk
00:11:20]} {[%emt 00:00:42]} Ra7 {[%clk 00:04:19]} {[%emt 00:01:20]} 31. Ra1
{[%clk 00:10:16]} {[%emt 00:01:34]} Kf8 {[%clk 00:04:11]} {[%emt 00:00:38]} 32.
Kf1 {[%clk 00:09:02]} {[%emt 00:01:43]} Ke7 {[%clk 00:03:47]} {[%emt 00:00:55]}
33. Ke1 {[%clk 00:09:17]} {[%emt 00:00:14]} h6 {[%clk 00:03:10]} {[%emt
00:01:08]} 34. h4 {[%clk 00:07:59]} {[%emt 00:01:47]} g5 {[%clk 00:02:58]}
{[%emt 00:00:43]} 35. hxg5 {[%clk 00:07:28]} {[%emt 00:01:01]} hxg5 {[%clk
00:03:26]} {[%emt 00:00:03]} 36. Bf3 {[%clk 00:06:25]} {[%emt 00:01:31]} Bg4
{[%clk 00:03:11]} {[%emt 00:00:46]} 37. Bxg4 {[%clk 00:05:26]} {[%emt
00:01:29]} Nxg4 {[%clk 00:03:35]} {[%emt 00:00:06]} 38. Nc3 {[%clk 00:03:47]}
{[%emt 00:02:08]} Nf6 {[%clk 00:03:22]} {[%emt 00:00:41]} 39. a6 {[%clk
00:03:47]} {[%emt 00:00:31]} Kd7 {[%clk 00:03:05]} {[%emt 00:00:48]} 40. Nb5
{[%clk 00:03:25]} {[%emt 00:00:51]} Ra8 {[%clk 00:02:38]} {[%emt 00:00:58]} 41.
a7 {[%clk 00:22:15]} {[%emt 00:11:40]} 1/2-1/2

[Event "DVM U20w 2023"]
[Site "Magdeburg GER"]
[Date "2023.12.29"]
[Round "5"]
[White "Bohatyrova, Natalia"]
[Black "Schubert, Matthea"]
[Result "1-0"]
[Termination "normal"]
[Board "7.3"]
[WhiteElo "1506"]
[BlackElo "1510"]
[WhiteClock "00:05:10"]
[BlackClock "00:03:06"]
[WhiteTeam "SV Erkenschwick 1923"]
[BlackTeam "SC 1865 Annaberg-Buchholz"]
[PlyCount "134"]
[WhiteFideId "14192780"]
[BlackFideId "16235371"]
[EventCountry "GER"]
[EventRounds "7"]
[EventType "team-swiss"]
[EventDate "2023.12.26"]

1. e4 {[%clk 01:30:57]} {[%emt 00:00:02]} e5 {[%clk 01:30:55]} {[%emt
00:00:06]} 2. Nf3 {[%clk 01:31:22]} {[%emt 00:00:05]} Nc6 {[%clk 01:31:18]}
{[%emt 00:00:06]} 3. Bc4 {[%clk 01:31:42]} {[%emt 00:00:10]} Bc5 {[%clk
01:31:14]} {[%emt 00:00:35]} 4. O-O {[%clk 01:23:54]} {[%emt 00:08:17]} Nf6
{[%clk 01:31:29]} {[%emt 00:00:15]} 5. d3 {[%clk 01:23:49]} {[%emt 00:00:36]}
d6 {[%clk 01:29:29]} {[%emt 00:02:30]} 6. c3 {[%clk 01:23:03]} {[%emt
00:01:16]} Bg4 {[%clk 01:29:33]} {[%emt 00:00:26]} 7. Nbd2 {[%clk 01:23:04]}
{[%emt 00:00:27]} Qd7 {[%clk 01:25:10]} {[%emt 00:04:53]} 8. Re1 {[%clk
01:17:50]} {[%emt 00:05:44]} Ne7 {[%clk 00:59:15]} {[%emt 00:26:26]} 9. Qb3
{[%clk 00:57:38]} {[%emt 00:20:41]} O-O {[%clk 00:54:26]} {[%emt 00:05:19]} 10.
d4 {[%clk 00:50:19]} {[%emt 00:07:50]} exd4 {[%clk 00:45:47]} {[%emt 00:09:08]}
11. cxd4 {[%clk 00:50:40]} {[%emt 00:00:08]} Bb6 {[%clk 00:46:02]} {[%emt
00:00:13]} 12. e5 {[%clk 00:38:37]} {[%emt 00:12:34]} dxe5 {[%clk 00:44:31]}
{[%emt 00:02:02]} 13. dxe5 {[%clk 00:36:38]} {[%emt 00:02:29]} Nfd5 {[%clk
00:44:06]} {[%emt 00:00:55]} 14. Ne4 {[%clk 00:31:10]} {[%emt 00:05:59]} c6
{[%clk 00:09:33]} {[%emt 00:35:03]} 15. Bg5 {[%clk 00:16:08]} {[%emt 00:15:32]}
Ng6 {[%clk 00:07:29]} {[%emt 00:02:33]} 16. Ng3 {[%clk 00:15:20]} {[%emt
00:01:17]} Rae8 {[%clk 00:05:24]} {[%emt 00:02:36]} 17. Rad1 {[%clk 00:10:35]}
{[%emt 00:05:14]} Bxf3 {[%clk 00:02:44]} {[%emt 00:03:10]} 18. Qxf3 {[%clk
00:10:57]} {[%emt 00:00:08]} Rxe5 {[%clk 00:01:33]} {[%emt 00:01:42]} 19. Bxd5
{[%clk 00:09:03]} {[%emt 00:02:24]} Rxe1+ {[%clk 00:01:16]} {[%emt 00:00:46]}
20. Rxe1 {[%clk 00:09:29]} {[%emt 00:00:04]} cxd5 {[%clk 00:01:34]} {[%emt
00:00:13]} 21. Rd1 {[%clk 00:09:06]} {[%emt 00:00:52]} Qb5 {[%clk 00:00:54]}
{[%emt 00:01:11]} 22. Qxd5 {[%clk 00:07:15]} {[%emt 00:02:21]} Qxb2 {[%clk
00:00:54]} {[%emt 00:00:30]} 23. Qd2 {[%clk 00:07:02]} {[%emt 00:00:42]} Qe5
{[%clk 00:01:12]} {[%emt 00:00:13]} 24. Be3 {[%clk 00:06:12]} {[%emt 00:01:19]}
Bxe3 {[%clk 00:01:04]} {[%emt 00:00:38]} 25. Qxe3 {[%clk 00:06:41]} {[%emt
00:00:02]} Qa5 {[%clk 00:01:16]} {[%emt 00:00:16]} 26. Qb3 {[%clk 00:06:07]}
{[%emt 00:01:06]} Qc7 {[%clk 00:01:23]} {[%emt 00:00:22]} 27. Nf5 {[%clk
00:03:57]} {[%emt 00:02:39]} Nf4 {[%clk 00:00:45]} {[%emt 00:01:09]} 28. Qf3
{[%clk 00:02:22]} {[%emt 00:02:06]} Qe5 {[%clk 00:00:31]} {[%emt 00:00:44]} 29.
Ng3 {[%clk 00:01:50]} {[%emt 00:01:01]} b6 {[%clk 00:00:48]} {[%emt 00:00:14]}
30. Qe3 {[%clk 00:01:23]} {[%emt 00:00:57]} Qc7 {[%clk 00:00:44]} {[%emt
00:00:32]} 31. Rc1 {[%clk 00:00:58]} {[%emt 00:00:58]} Qd6 {[%clk 00:00:56]}
{[%emt 00:00:17]} 32. Ne4 {[%clk 00:01:01]} {[%emt 00:00:28]} Qe5 {[%clk
00:01:03]} {[%emt 00:00:22]} 33. Ng3 {[%clk 00:01:12]} {[%emt 00:00:19]} Qf6
{[%clk 00:01:07]} {[%emt 00:00:26]} 34. Ne2 {[%clk 00:00:58]} {[%emt 00:00:45]}
Ng6 {[%clk 00:01:01]} {[%emt 00:00:35]} 35. Ng3 {[%clk 00:01:08]} {[%emt
00:00:21]} Qb2 {[%clk 00:01:05]} {[%emt 00:00:24]} 36. Qc3 {[%clk 00:00:55]}
{[%emt 00:00:44]} Qxa2 {[%clk 00:00:38]} {[%emt 00:00:58]} 37. Ra1 {[%clk
00:01:24]} {[%emt 00:00:01]} Qe6 {[%clk 00:00:35]} {[%emt 00:00:32]} 38. Rxa7
{[%clk 00:01:25]} {[%emt 00:00:30]} Rc8 {[%clk 00:00:33]} {[%emt 00:00:31]} 39.
Rc7 {[%clk 00:01:20]} {[%emt 00:00:36]} Rxc7 {[%clk 00:00:37]} {[%emt
00:00:27]} 40. Qxc7 {[%clk 00:01:40]} {[%emt 00:00:09]} h6 {[%clk 00:01:02]}
{[%emt 00:00:05]} 41. h3 {[%clk 00:01:16]} {[%emt 00:00:54]} Kh7 {[%clk
00:30:01]} {[%emt 00:01:31]} 42. Qb7 {[%clk 00:30:45]} {[%emt 00:01:00]} Nf4
{[%clk 00:20:13]} {[%emt 00:10:17]} 43. Kh2 {[%clk 00:24:21]} {[%emt 00:06:55]}
f6 {[%clk 00:14:13]} {[%emt 00:06:29]} 44. Qc7 {[%clk 00:17:30]} {[%emt
00:07:22]} Nd5 {[%clk 00:12:13]} {[%emt 00:02:27]} 45. Qc4 {[%clk 00:17:06]}
{[%emt 00:00:56]} Nf4 {[%clk 00:09:25]} {[%emt 00:03:18]} 46. Qxf4 {[%clk
00:15:49]} {[%emt 00:01:48]} b5 {[%clk 00:04:58]} {[%emt 00:04:59]} 47. Qe4+
{[%clk 00:11:50]} {[%emt 00:04:27]} Qxe4 {[%clk 00:05:01]} {[%emt 00:00:28]}
48. Nxe4 {[%clk 00:12:16]} {[%emt 00:00:04]} b4 {[%clk 00:05:23]} {[%emt
00:00:07]} 49. Nd2 {[%clk 00:11:57]} {[%emt 00:00:49]} Kg6 {[%clk 00:05:42]}
{[%emt 00:00:11]} 50. Kg3 {[%clk 00:11:54]} {[%emt 00:00:33]} Kf5 {[%clk
00:06:07]} {[%emt 00:00:04]} 51. Kf3 {[%clk 00:11:56]} {[%emt 00:00:29]} Ke5
{[%clk 00:06:05]} {[%emt 00:00:16]} 52. Ke3 {[%clk 00:12:01]} {[%emt 00:00:42]}
g5 {[%clk 00:03:21]} {[%emt 00:03:16]} 53. g3 {[%clk 00:10:43]} {[%emt
00:01:46]} f5 {[%clk 00:01:04]} {[%emt 00:02:49]} 54. f4+ {[%clk 00:09:38]}
{[%emt 00:01:33]} gxf4+ {[%clk 00:01:03]} {[%emt 00:00:32]} 55. gxf4+ {[%clk
00:10:06]} {[%emt 00:00:01]} Kd5 {[%clk 00:01:20]} {[%emt 00:00:08]} 56. Kd3
{[%clk 00:09:33]} {[%emt 00:01:08]} h5 {[%clk 00:00:37]} {[%emt 00:01:13]} 57.
Nb3 {[%clk 00:09:03]} {[%emt 00:01:00]} h4 {[%clk 00:00:34]} {[%emt 00:00:33]}
58. Nd4 {[%clk 00:07:42]} {[%emt 00:01:50]} Kc5 {[%clk 00:00:32]} {[%emt
00:00:33]} 59. Nxf5 {[%clk 00:07:46]} {[%emt 00:00:27]} b3 {[%clk 00:00:43]}
{[%emt 00:00:19]} 60. Kc3 {[%clk 00:07:00]} {[%emt 00:01:15]} Kd5 {[%clk
00:01:00]} {[%emt 00:00:13]} 61. Nxh4 {[%clk 00:06:56]} {[%emt 00:00:34]} Ke4
{[%clk 00:01:13]} {[%emt 00:00:17]} 62. f5 {[%clk 00:05:00]} {[%emt 00:02:25]}
Ke5 {[%clk 00:01:40]} {[%emt 00:00:03]} 63. Kxb3 {[%clk 00:05:00]} {[%emt
00:00:31]} Kf6 {[%clk 00:02:02]} {[%emt 00:00:07]} 64. Kc4 {[%clk 00:05:08]}
{[%emt 00:00:21]} Kg5 {[%clk 00:02:23]} {[%emt 00:00:10]} 65. Kd5 {[%clk
00:04:58]} {[%emt 00:00:39]} Kf6 {[%clk 00:02:48]} {[%emt 00:00:05]} 66. Ke4
{[%clk 00:05:07]} {[%emt 00:00:21]} Kf7 {[%clk 00:03:06]} {[%emt 00:00:12]} 67.
Ke5 {[%clk 00:05:10]} {[%emt 00:00:28]} Ke7 {[%emt 00:00:17]} *

[Event "DVM U20w 2023"]
[Site "Magdeburg GER"]
[Date "2023.12.29"]
[Round "5"]
[White "Berndt, Christiane"]
[Black "Kaempf, Laura"]
[Result "1-0"]
[Termination "normal"]
[Board "7.4"]
[WhiteElo "1297"]
[BlackElo "1230"]
[WhiteClock "00:18:14"]
[BlackClock "00:23:12"]
[WhiteTeam "SC 1865 Annaberg-Buchholz"]
[BlackTeam "SV Erkenschwick 1923"]
[PlyCount "101"]
[WhiteFideId "16235363"]
[BlackFideId "34635335"]
[EventCountry "GER"]
[EventRounds "7"]
[EventType "team-swiss"]
[EventDate "2023.12.26"]

1. e4 {[%clk 01:30:57]} {[%emt 00:00:02]} d6 {[%clk 01:30:45]} {[%emt
00:00:15]} 2. d4 {[%clk 01:30:51]} {[%emt 00:00:36]} g6 {[%clk 01:30:57]}
{[%emt 00:00:18]} 3. Nf3 {[%clk 01:29:56]} {[%emt 00:01:26]} Bg7 {[%clk
01:30:54]} {[%emt 00:00:33]} 4. Bc4 {[%clk 01:29:47]} {[%emt 00:00:38]} Nd7
{[%clk 01:30:30]} {[%emt 00:00:54]} 5. O-O {[%clk 01:24:48]} {[%emt 00:05:30]}
c5 {[%clk 01:28:15]} {[%emt 00:02:45]} 6. Be3 {[%clk 01:17:25]} {[%emt
00:07:53]} Qb6 {[%clk 01:26:20]} {[%emt 00:02:23]} 7. Nc3 {[%clk 01:08:32]}
{[%emt 00:09:25]} Ngf6 {[%clk 01:17:38]} {[%emt 00:09:12]} 8. e5 {[%clk
01:02:17]} {[%emt 00:06:46]} dxe5 {[%clk 01:16:09]} {[%emt 00:01:57]} 9. dxc5
{[%clk 01:01:01]} {[%emt 00:01:46]} Qxb2 {[%clk 01:09:21]} {[%emt 00:07:17]}
10. Nb5 {[%clk 01:00:23]} {[%emt 00:01:08]} Qb4 {[%clk 01:05:36]} {[%emt
00:04:16]} 11. Nc7+ {[%clk 00:57:54]} {[%emt 00:02:58]} Kf8 {[%clk 01:05:27]}
{[%emt 00:00:38]} 12. Bxf7 {[%clk 00:56:29]} {[%emt 00:01:55]} Kxf7 {[%clk
01:03:09]} {[%emt 00:02:49]} 13. Nxa8 {[%clk 00:55:44]} {[%emt 00:01:13]} h6
{[%clk 01:01:08]} {[%emt 00:02:34]} 14. Nc7 {[%clk 00:52:47]} {[%emt 00:03:23]}
Qe4 {[%clk 00:53:56]} {[%emt 00:07:43]} 15. Nb5 {[%clk 00:45:57]} {[%emt
00:07:21]} Ng4 {[%clk 00:46:15]} {[%emt 00:08:12]} 16. Nc3 {[%clk 00:37:42]}
{[%emt 00:08:44]} Qc4 {[%clk 00:38:39]} {[%emt 00:08:03]} 17. Qd5+ {[%clk
00:34:32]} {[%emt 00:03:43]} Qxd5 {[%clk 00:38:34]} {[%emt 00:00:35]} 18. Nxd5
{[%clk 00:34:54]} {[%emt 00:00:08]} e4 {[%clk 00:38:44]} {[%emt 00:00:20]} 19.
Nd4 {[%clk 00:31:44]} {[%emt 00:03:39]} Nxc5 {[%clk 00:36:47]} {[%emt
00:02:28]} 20. c3 {[%clk 00:27:55]} {[%emt 00:04:19]} Rd8 {[%clk 00:32:39]}
{[%emt 00:04:34]} 21. Nb4 {[%clk 00:20:26]} {[%emt 00:08:02]} a5 {[%clk
00:23:06]} {[%emt 00:10:03]} 22. Nbc2 {[%clk 00:18:44]} {[%emt 00:02:12]} Ke8
{[%clk 00:22:28]} {[%emt 00:01:08]} 23. h3 {[%clk 00:11:46]} {[%emt 00:07:30]}
Nf6 {[%clk 00:21:31]} {[%emt 00:01:26]} 24. Rad1 {[%clk 00:11:29]} {[%emt
00:00:47]} Nd5 {[%clk 00:16:17]} {[%emt 00:05:44]} 25. Nb5 {[%clk 00:10:14]}
{[%emt 00:01:46]} Nd3 {[%clk 00:14:06]} {[%emt 00:02:41]} 26. Bd4 {[%clk
00:07:32]} {[%emt 00:03:12]} Bd7 {[%clk 00:10:14]} {[%emt 00:04:21]} 27. c4
{[%clk 00:05:34]} {[%emt 00:02:28]} e5 {[%clk 00:07:54]} {[%emt 00:02:50]} 28.
Nd6+ {[%clk 00:05:05]} {[%emt 00:00:59]} Ke7 {[%clk 00:07:49]} {[%emt
00:00:36]} 29. Nxb7 {[%clk 00:04:43]} {[%emt 00:00:52]} Rb8 {[%clk 00:07:11]}
{[%emt 00:01:07]} 30. Bc5+ {[%clk 00:04:28]} {[%emt 00:00:45]} Kf6 {[%clk
00:06:29]} {[%emt 00:01:12]} 31. cxd5 {[%clk 00:02:42]} {[%emt 00:02:16]} Rxb7
{[%clk 00:06:44]} {[%emt 00:00:16]} 32. Be3 {[%clk 00:02:28]} {[%emt 00:00:44]}
Bb5 {[%clk 00:06:12]} {[%emt 00:01:01]} 33. Rb1 {[%clk 00:02:26]} {[%emt
00:00:32]} Nb4 {[%clk 00:04:33]} {[%emt 00:02:09]} 34. Rfc1 {[%clk 00:01:29]}
{[%emt 00:01:27]} Nxa2 {[%clk 00:04:36]} {[%emt 00:00:27]} 35. Re1 {[%clk
00:01:49]} {[%emt 00:00:10]} Nc3 {[%clk 00:04:21]} {[%emt 00:00:44]} 36. Rb3
{[%clk 00:01:49]} {[%emt 00:00:31]} Nxd5 {[%clk 00:04:21]} {[%emt 00:00:28]}
37. Reb1 {[%clk 00:01:17]} {[%emt 00:01:05]} Nc7 {[%clk 00:04:00]} {[%emt
00:00:49]} 38. Na3 {[%clk 00:01:27]} {[%emt 00:00:22]} a4 {[%clk 00:01:11]}
{[%emt 00:03:19]} 39. Rb4 {[%clk 00:01:41]} {[%emt 00:00:12]} Bf8 {[%clk
00:01:19]} {[%emt 00:00:27]} 40. Rxb5 {[%clk 00:01:02]} {[%emt 00:01:08]} Nxb5
{[%clk 00:01:25]} {[%emt 00:00:24]} 41. Rxb5 {[%clk 00:27:48]} {[%emt
00:03:44]} Rxb5 {[%clk 00:31:39]} {[%emt 00:00:16]} 42. Nxb5 {[%clk 00:28:10]}
{[%emt 00:00:07]} a3 {[%clk 00:31:51]} {[%emt 00:00:19]} 43. Nc3 {[%emt
00:01:24]} a2 {[%clk 00:31:45]} {[%emt 00:00:02]} 44. Nxa2 {[%clk 00:28:06]}
{[%emt 00:00:12]} g5 {[%clk 00:31:34]} {[%emt 00:00:41]} 45. Nc3 {[%clk
00:27:55]} {[%emt 00:00:43]} Be7 {[%clk 00:30:40]} {[%emt 00:01:20]} 46. Nxe4+
{[%clk 00:26:55]} {[%emt 00:01:31]} Kf5 {[%clk 00:28:58]} {[%emt 00:02:14]} 47.
f3 {[%clk 00:25:54]} {[%emt 00:01:31]} h5 {[%clk 00:24:22]} {[%emt 00:05:06]}
48. g4+ {[%clk 00:19:40]} {[%emt 00:06:44]} hxg4 {[%clk 00:23:58]} {[%emt
00:00:54]} 49. hxg4+ {[%clk 00:19:49]} {[%emt 00:00:21]} Kg6 {[%clk 00:23:39]}
{[%emt 00:00:46]} 50. Kf2 {[%clk 00:18:32]} {[%emt 00:01:50]} Bf6 {[%clk
00:23:12]} {[%emt 00:00:57]} 51. Ke2 {[%clk 00:18:14]} {[%emt 00:00:47]} 1-0